000 00973nam0a22002771 4500
001 rc\3385775
005 20250609224238.0
021 _aRU
_b[74-57911]
035 _a(NLR Aleph) 007536468
090 _a7771021
_c7771021
100 _a20130115d1974 |||y0rusy50 ca
101 0 _arus
102 _aRU
105 _aa z |||||
200 1 _aСоревнование по спортивному ориентированию
_eКарты и дистанции
210 _aМосква
_cФизкультура и спорт
_d1974
215 _a152 с.
_cил.
_d20
320 _aСписок лит.: с. 151
606 _aОриентирование на местности, спортивное
_2psbo
700 1 _aАлешин
_bВ.М.
_gВиктор Максимович
701 1 _aКалиткин
_bН.Н.
_gНиколай Николаевич
801 0 _aRU
_bNLR
_gpsbo
801 1 _aRU
_bELAR
_2rusmarc
852 _aNLR
_j74-3/1441
942 _cBOOK
980 _aNB